[Event "DVM U12 2010"]
[Site "Templin OT Groß Dölln GER"]
[Date "2010.12.28"]
[Round "4"]
[White "Baskin, Robert"]
[Black "Riehle, Marco"]
[Result "1-0"]
[Termination "normal"]
[Board "1.1"]
[WhiteElo "1891"]
[BlackElo "1591"]
[WhiteTeam "Makkabi Frankfurt"]
[BlackTeam "SF Sasbach"]
[WhiteFideId "24662402"]
[BlackFideId "12904392"]
[EventCountry "GER"]
[EventRounds "7"]
[EventType "team-swiss"]
[EventDate "2010.12.26"]

1. e4 e5 2. Nf3 f5 3. Nxe5 Nf6 4. exf5 Qe7 5. Qe2 d6 6. Nf3 Bxf5 7. d3 Nc6 8.
Nc3 O-O-O 9. Qxe7 Bxe7 10. Bf4 d5 11. O-O-O d4 12. Ne2 Be6 13. a3 Ng4 14. Bg3
Bd6 15. Bh4 Be7 16. Bxe7 Nxe7 17. Nf4 Bg8 18. Rd2 Nd5 19. Nxd5 Bxd5 20. Nxd4
Bxg2 21. Bxg2 Rxd4 22. h3 Nh6 23. Re1 Nf5 24. Rde2 c6 25. Re5 Rf4 26. Be4 Rf8
27. Bxf5+ R4xf5 28. Re8+ Rxe8 29. Rxe8+ Kd7 30. Rb8 Kc7 31. Re8 Kd7 32. Rg8 Rf7
33. Kd1 Kd6 34. Ke2 Kd5 35. c3 Re7+ 36. Kf3 Rf7+ 37. Kg3 c5 38. Rd8+ Kc6 39.
Re8 b5 40. f4 a5 41. Kg4 Rd7 42. Re6+ Kb7 43. Re3 h6 44. Kh5 Rf7 45. Rf3 Rf6
46. Kg4 Kc6 47. Re3 Kb6 48. f5 g6 49. Re6+ Rxe6 50. fxe6 Kc6 51. d4 Kd6 52. d5
Ke7 53. h4 Kf6 54. h5 g5 55. b4 axb4 56. axb4 c4 57. Kf3 Ke7 58. Ke3 Ke8 59. d6
Kd8 60. e7+ Kd7 61. Ke4 g4 62. Kf4 Ke8 63. Kxg4 Kf7 64. Kf5 Ke8 65. Kf6 Kd7 66.
Kf7 Kc6 67. Ke6 Kb7 68. e8=Q Kb6 69. d7 Ka7 70. d8=Q Kb7 71. Qc8+ Ka7 72. Qed7+
Kb6 73. Qdc7# 1-0

[Event "DVM U12 2010"]
[Site "Templin OT Groß Dölln GER"]
[Date "2010.12.28"]
[Round "4"]
[White "Bohnert, Dominik"]
[Black "Mager, Denis"]
[Result "0-1"]
[Termination "normal"]
[Board "1.2"]
[WhiteElo "1425"]
[BlackElo "1681"]
[WhiteTeam "SF Sasbach"]
[BlackTeam "Makkabi Frankfurt"]
[WhiteFideId "12918075"]
[BlackFideId "24691127"]
[EventCountry "GER"]
[EventRounds "7"]
[EventType "team-swiss"]
[EventDate "2010.12.26"]

1. e4 c5 2. Nf3 Nc6 3. d4 cxd4 4. Nxd4 e5 5. Nf3 Nf6 6. Bd3 Bc5 7. Nc3 d6 8.
Bg5 Qb6 9. Bxf6 gxf6 10. Nd5 Qd8 11. Qd2 Be6 12. Bc4 Bxd5 13. Bxd5 Qc7 14.
O-O-O O-O-O 15. Kb1 Qd7 16. Qe2 f5 17. Ng5 Rdf8 18. f3 h6 19. Nxf7 Rxf7 20.
Bxf7 Qxf7 21. Rd3 Nd4 22. Qe1 Rg8 23. c3 Qc4 24. Rd2 Nb5 25. exf5 Qf4 26. f6
Qxf6 27. Qe4 Qe6 28. Qd5 Qxd5 29. Rxd5 Rxg2 30. a4 Nc7 31. Rdd1 Kd7 32. b4 Be3
33. Rde1 Bd2 34. Reg1 Rf2 35. Rg4 Kd8 36. Rhg1 Rxf3 37. Rg8+ Ne8 38. R1g7 Rxc3
39. Rxb7 Rc8 40. Rh8 e4 41. Rhh7 Nc7 42. b5 e3 43. Rh8+ Kd7 44. Rh7+ Ke6 45.
Rhxc7 Rxc7 46. Rxc7 e2 47. Rc8 e1=Q+ 48. Kb2 Qe5+ 49. Kb1 Qe4+ 50. Kb2 Qxa4 51.
Rc2 Qxb5+ 52. Ka1 Bf4 53. h4 Be5+ 54. Ka2 d5 55. h5 d4 56. Rb2 Qc4+ 57. Ka3
Bd6+ 58. Rb4 Bxb4+ 59. Ka4 Bc3+ 60. Ka3 Qb4+ 61. Ka2 Qb2# 0-1

[Event "DVM U12 2010"]
[Site "Templin OT Groß Dölln GER"]
[Date "2010.12.28"]
[Round "4"]
[White "Greif, Gavin"]
[Black "Martin, Julian"]
[Result "1-0"]
[Termination "normal"]
[Board "1.3"]
[WhiteElo "1713"]
[BlackElo "1395"]
[WhiteTeam "Makkabi Frankfurt"]
[BlackTeam "SF Sasbach"]
[WhiteFideId "24662429"]
[BlackFideId "12941000"]
[EventCountry "GER"]
[EventRounds "7"]
[EventType "team-swiss"]
[EventDate "2010.12.26"]

1. e4 e5 2. Nf3 Nc6 3. d4 exd4 4. Nxd4 Bc5 5. Be3 Qf6 6. Nb5 Bxe3 7. fxe3 Qd8
8. Qg4 g6 9. Qf4 d6 10. Bc4 Qe7 11. O-O Ne5 12. Bb3 c6 13. Nd4 a6 14. Nf3 Be6
15. Nxe5 Bxb3 16. Nxc6 bxc6 17. axb3 Qe6 18. Rd1 d5 19. exd5 cxd5 20. Nc3 Nf6
21. Qf3 Rd8 22. Ra5 d4 23. exd4 O-O 24. Re5 Qd6 25. Ne4 Nxe4 26. Qxe4 f6 27.
Re6 Qb4 28. Rxa6 Rfe8 29. Re6 Kf7 30. Rxe8 Rxe8 31. Qd5+ Kg7 32. Kf2 Qe7 33.
Qf3 Qc7 34. c4 Qxh2 35. Re1 Qh4+ 36. g3 Qxd4+ 37. Kf1 Rxe1+ 38. Kxe1 Qe5+ 39.
Kd1 Qxb2 40. Qe3 Qa3 41. c5 Kf7 42. Qc3 Qa7 43. Qc4+ Kg7 44. Qc3 Qd7+ 45. Kc2
Qf5+ 46. Kb2 Qc8 47. c6 Kf7 48. b4 Ke6 49. Qc5 Qc7 50. b5 h5 51. b6 Qxg3 52. c7
Qg2+ 53. Kc3 Qf3+ 54. Kb4 Qe4+ 55. Kb5 Qb1+ 56. Ka6 Qa2+ 57. Kb7 Qd5+ 58. Qxd5+
Kxd5 59. c8=Q h4 60. Qg8+ Ke5 61. Qxg6 h3 62. Qg3+ Ke6 63. Qxh3+ f5 64. Qxf5+
Kxf5 65. Kc7 Ke6 66. b7 Ke7 67. b8=Q Ke6 68. Qd8 Ke5 69. Qd6+ Ke4 70. Kc6 Ke3
71. Qb4 Kd3 72. Kd5 Ke3 73. Qe4+ Kd2 74. Qf3 Kc2 75. Kc4 Kd2 76. Qd3+ Ke1 77.
Qc2 Kf1 78. Kd3 Kg1 79. Ke3 Kh1 80. Kf3 Kg1 81. Qg2# 1-0

[Event "DVM U12 2010"]
[Site "Templin OT Groß Dölln GER"]
[Date "2010.12.28"]
[Round "4"]
[White "Ehmann, Thilo"]
[Black "Paulsen, Alexej"]
[Result "0-1"]
[Termination "normal"]
[Board "1.4"]
[WhiteElo "1288"]
[BlackElo "1559"]
[WhiteTeam "SF Sasbach"]
[BlackTeam "Makkabi Frankfurt"]
[WhiteFideId "12940968"]
[BlackFideId "24662372"]
[EventCountry "GER"]
[EventRounds "7"]
[EventType "team-swiss"]
[EventDate "2010.12.26"]

1. e4 c5 2. Nf3 Nc6 3. d4 cxd4 4. Nxd4 Nf6 5. Nc3 d6 6. f3 g6 7. Be3 Bg7 8. Qd2
Bd7 9. O-O-O a6 10. g4 b5 11. h4 O-O 12. h5 b4 13. Nce2 Qa5 14. Kb1 Ne5 15. Bh6
Nc4 16. Qd3 Bb5 17. Nb3 Qc7 18. Qd4 Bxh6 19. hxg6 Be3 20. gxh7+ Kh8 21. Qd3
Na3+ 22. bxa3 Bxd3 23. Rxd3 Rac8 24. c3 Bc5 25. Bh3 Nxh7 26. g5 e6 27. Nf4 bxc3
28. Kc2 d5 29. Bxe6 Qxf4 30. Bxc8 Rxc8 31. exd5 Qxg5 32. Nxc5 Rxc5 33. d6 Qg2+
34. Kc1 Qb2+ 35. Kd1 c2+ 36. Ke2 c1=Q+ 37. Rd2 Qbxd2# 0-1

[Event "DVM U12 2010"]
[Site "Templin OT Groß Dölln GER"]
[Date "2010.12.28"]
[Round "4"]
[White "Müller, Constantin"]
[Black "Dürr, Florian"]
[Result "1-0"]
[Termination "normal"]
[Board "2.1"]
[WhiteElo "1874"]
[BlackElo "1809"]
[WhiteTeam "SK München Südost"]
[BlackTeam "SC Erlangen"]
[WhiteFideId "24697630"]
[BlackFideId "24659134"]
[EventCountry "GER"]
[EventRounds "7"]
[EventType "team-swiss"]
[EventDate "2010.12.26"]

1. e4 {[%emt 0:00:00]} e6 2. d4 d5 3. Nc3 Nf6 4. Bg5 Be7 5. e5 Nfd7 6. h4 a6 7.
Qg4 Kf8 8. Nf3 c5 9. O-O-O cxd4 10. Ne2 Nc6 11. Qg3 Nc5 12. Bxe7+ Qxe7 13.
Nfxd4 g6 14. Qe3 Kg7 15. h5 h6 16. hxg6 fxg6 17. g4 Bd7 18. f4 Raf8 19. Bg2 b5
20. Rh3 Na4 21. Nxc6 Bxc6 22. Qd4 Nc5 23. Rc3 b4 24. Rxc5 Bb5 25. Ng3 Rc8 26.
Rxc8 Rxc8 27. Qf2 Qc7 28. Kb1 a5 29. Bf1 Bxf1 30. Rxf1 a4 31. Rc1 b3 32. a3 Qc4
33. Qd2 Rb8 34. c3 1-0

[Event "DVM U12 2010"]
[Site "Templin OT Groß Dölln GER"]
[Date "2010.12.28"]
[Round "4"]
[White "Wegmann, Sven"]
[Black "Ovsepyan, Arshak"]
[Result "0-1"]
[Termination "normal"]
[Board "2.2"]
[WhiteElo "1656"]
[BlackElo "1947"]
[WhiteTeam "SC Erlangen"]
[BlackTeam "SK München Südost"]
[WhiteFideId "1270756"]
[BlackFideId "24690236"]
[EventCountry "GER"]
[EventRounds "7"]
[EventType "team-swiss"]
[EventDate "2010.12.26"]

1. e4 e6 2. b3 d5 3. Bb2 Nf6 4. exd5 exd5 5. Nf3 Be7 6. Nc3 Be6 7. d4 Nbd7 8.
Bd3 c6 9. Qd2 Qc7 10. h3 b5 11. a4 b4 12. Na2 a5 13. Ng5 O-O 14. Qe2 Qd6 15.
O-O-O Qf4+ 16. Qd2 Qxd2+ 17. Rxd2 Bd6 18. Nxe6 fxe6 19. Re2 Rfe8 20. Rhe1 Kf7
21. Kb1 h6 22. Re3 c5 23. dxc5 Bxc5 24. Rf3 Kg8 25. Bb5 Re7 26. Re2 Ne4 27. Nc1
Ndf6 28. Bd3 Rf8 29. Ka2 Ng5 30. Rg3 Bd6 31. Bxf6 Rxf6 32. Rg4 e5 33. f3 Ne6
34. Re1 h5 35. Rh4 Nf4 36. Bf1 g5 37. Rxf4 gxf4 38. Ne2 Rc7 39. Kb1 Be7 40. Nc1
Re6 41. Nd3 Bg5 42. Rxe5 Rxe5 43. Nxe5 Re7 44. Nd3 Kg7 45. Kc1 Kf6 46. Kd1 Bh6
47. Nc1 Kg5 48. Bd3 Kh4 49. Ne2 Ra7 50. Ke1 Rg7 51. Bf5 Kg5 52. Be6 Kf6 53. Bd7
Ke5 54. Bc8 Rg6 55. Bd7 Rg8 56. Kf2 Bf8 57. Be8 Bc5+ 58. Kf1 Rxe8 59. Ke1 Kf5
60. Kf1 Kg5 0-1

[Event "DVM U12 2010"]
[Site "Templin OT Groß Dölln GER"]
[Date "2010.12.28"]
[Round "4"]
[White "Bergauz, Noam"]
[Black "Wegmann, Simon"]
[Result "1-0"]
[Termination "normal"]
[Board "2.3"]
[WhiteElo "1361"]
[BlackElo "1394"]
[WhiteTeam "SK München Südost"]
[BlackTeam "SC Erlangen"]
[WhiteFideId "12938033"]
[BlackFideId "1270758"]
[EventCountry "GER"]
[EventRounds "7"]
[EventType "team-swiss"]
[EventDate "2010.12.26"]

1. e4 e5 2. Nf3 Nc6 3. d4 exd4 4. Nxd4 Qh4 5. Nc3 Bb4 6. Ndb5 Qxe4+ 7. Qe2
Qxe2+ 8. Bxe2 Kd8 9. Bf4 d6 10. a3 Bxc3+ 11. Nxc3 Bf5 12. O-O-O Nge7 13. Rhe1
Kd7 14. h4 a6 15. Bc4 f6 16. f3 h5 17. Bd3 Be6 18. Rd2 Bf7 19. Be4 Rhe8 20. g4
b5 21. Rg1 Rg8 22. gxh5 f5 23. Bxc6+ Kxc6 24. h6 gxh6 25. Rxg8 Nxg8 26. Rg2 h5
27. Rg7 Be6 28. Rg5 Nf6 29. Rg6 Nd5 30. Bd2 Bd7 31. Nxd5 Kxd5 32. Bc3 a5 33.
Rg5 b4 34. axb4 axb4 35. Bxb4 Ra4 36. Be1 Rf4 37. Rxh5 Rxf3 38. Kd2 Ke4 39. Rh7
Kf4 40. Rxd7 Rh3 41. Re7 Kg4 42. Re3 Rh2+ 43. Re2 Rh3 44. b4 f4 45. Rg2+ Kf3
46. Rf2+ Kg4 47. Ke2 d5 48. Bd2 f3+ 49. Ke3 c6 50. c3 Kxh4 51. Rxf3 Rh1 52. Rf6
Kg5 53. Rxc6 Kf5 54. b5 Rh4 55. b6 Rh8 56. b7 Rb8 57. Rb6 1-0

[Event "DVM U12 2010"]
[Site "Templin OT Groß Dölln GER"]
[Date "2010.12.28"]
[Round "4"]
[White "Kasel, Ronaldo"]
[Black "Greßmann, Moritz"]
[Result "0-1"]
[Termination "normal"]
[Board "3.1"]
[WhiteElo "1618"]
[BlackElo "1633"]
[WhiteTeam "SG Trier"]
[BlackTeam "BSV Chemie Weißensee"]
[WhiteFideId "24660949"]
[BlackFideId "24695084"]
[EventCountry "GER"]
[EventRounds "7"]
[EventType "team-swiss"]
[EventDate "2010.12.26"]

1. Nf3 Nf6 2. d4 g6 3. c4 Bg7 4. Nc3 d5 5. cxd5 Nxd5 6. e4 Nxc3 7. bxc3 c5 8.
Bb2 O-O 9. Bc4 Nc6 10. O-O Bg4 11. d5 Ne5 12. Be2 Bxf3 13. Bxf3 b5 14. Be2 Rb8
15. f4 Nd7 16. Rb1 Qb6 17. c4 b4 18. Bxg7 Kxg7 19. e5 Rfd8 20. Qd2 a5 21. Qc2
Qa6 22. g4 Rb6 23. Qb2 Kg8 24. a4 bxa3 25. Qxa3 Rdb8 26. Ra1 Ra8 27. Ra2 a4 28.
Rf3 Qa5 29. Kf2 Rb1 30. Kg2 Ra6 31. Rc3 Kf8 32. Re3 Qe1 33. Kh3 Qf2 34. Rf3 Rb3
35. Rxb3 axb3 36. Qxb3 Rxa2 37. Qxa2 Qxf4 38. e6 Qe3+ 39. Kg2 fxe6 40. dxe6
Qxe6 41. Qa8+ Kg7 42. Qa1+ Qf6 43. Qa7 Qe6 44. Qa1+ Qe5 45. Qd1 Nf6 46. h3 Qe4+
47. Kh2 Qf4+ 48. Kg2 Ne4 49. Qa1+ Kf7 50. Qe1 Kg8 51. Bf3 Qd2+ 52. Qxd2 Nxd2
53. Bd5+ Kg7 54. Kg3 Kf6 55. h4 e6 56. g5+ Ke5 57. Bc6 Nxc4 58. Be8 Nd6 59. Ba4
c4 60. Bc2 c3 61. Kf3 Nc4 62. Ke2 Na3 63. Bb3 c2 64. Kd2 Kf5 65. Ba2 Kg4 66.
Bxe6+ Kxh4 67. Bg8 Kxg5 68. Bxh7 Kh5 69. Bg8 g5 70. Bf7+ Kh4 71. Be6 g4 72. Bd5
Kh3 73. Be4 Kg3 74. Bf5 Kf3 75. Bd7 g3 76. Bc6+ Kf2 77. Bd5 g2 0-1

[Event "DVM U12 2010"]
[Site "Templin OT Groß Dölln GER"]
[Date "2010.12.28"]
[Round "4"]
[White "Donath, Johann"]
[Black "Röhlich, Philipp"]
[Result "1-0"]
[Termination "normal"]
[Board "3.2"]
[WhiteElo "1520"]
[BlackElo "1711"]
[WhiteTeam "BSV Chemie Weißensee"]
[BlackTeam "SG Trier"]
[WhiteFideId "24685160"]
[BlackFideId "24692832"]
[EventCountry "GER"]
[EventRounds "7"]
[EventType "team-swiss"]
[EventDate "2010.12.26"]

1. d4 Nf6 2. c4 g6 3. Nc3 Bg7 4. e4 O-O 5. e5 Ne8 6. f4 d6 7. Nf3 dxe5 8. fxe5
Bg4 9. Be2 c5 10. h3 Bxf3 11. Bxf3 Nc6 12. Bxc6 bxc6 13. Be3 cxd4 14. Qxd4 Nc7
15. O-O-O Qxd4 16. Bxd4 Ne6 17. Ne2 c5 18. Bc3 Rfd8 19. h4 Rac8 20. Rd5 Nd4 21.
Rxd8+ Rxd8 22. Nxd4 cxd4 23. Bb4 Kf8 24. Re1 Bh6+ 25. Bd2 Bxd2+ 26. Kxd2 e6 27.
Kd3 Ke7 28. Re4 Rb8 29. b3 f6 30. exf6+ Kxf6 31. Rxd4 h5 32. Ke4 Ke7 33. Ke5
Rf8 34. Rf4 Rd8 35. Rf6 Rd2 36. Rxg6 Re2+ 37. Kd4 Rxa2 38. Rg5 Kd6 39. Rxh5
Rxg2 40. Rh7 Rg4+ 41. Kc3 a5 42. h5 Rh4 43. h6 Kc6 44. Rh8 Kd6 45. h7 Ke5 46.
c5 1-0

[Event "DVM U12 2010"]
[Site "Templin OT Groß Dölln GER"]
[Date "2010.12.28"]
[Round "4"]
[White "Bauer, Lukas"]
[Black "Koch, Elisabeth"]
[Result "1-0"]
[Termination "normal"]
[Board "3.3"]
[WhiteElo "1571"]
[BlackElo "1306"]
[WhiteTeam "SG Trier"]
[BlackTeam "BSV Chemie Weißensee"]
[WhiteFideId "12907715"]
[BlackFideId "24695068"]
[EventCountry "GER"]
[EventRounds "7"]
[EventType "team-swiss"]
[EventDate "2010.12.26"]

1. e4 e5 2. Nf3 Nc6 3. Bc4 Nf6 4. Ng5 d5 5. exd5 Nxd5 6. d4 Nxd4 7. c3 Be7 8.
cxd4 Bxg5 9. Bxg5 Qxg5 10. Bxd5 exd4 11. Bf3 O-O 12. O-O c5 13. Nd2 Be6 14. Rc1
Rab8 15. Ne4 Qg6 16. Nxc5 Bxa2 17. Nd7 Rbd8 18. Nxf8 Kxf8 1-0

[Event "DVM U12 2010"]
[Site "Templin OT Groß Dölln GER"]
[Date "2010.12.28"]
[Round "4"]
[White "Greßmann, Hanna"]
[Black "Bach, Marc-Andre"]
[Result "1-0"]
[Termination "normal"]
[Board "3.4"]
[WhiteElo "1280"]
[BlackElo "1682"]
[WhiteTeam "BSV Chemie Weißensee"]
[BlackTeam "SG Trier"]
[WhiteFideId "12930709"]
[BlackFideId "1270773"]
[EventCountry "GER"]
[EventRounds "7"]
[EventType "team-swiss"]
[EventDate "2010.12.26"]

1. e4 d5 2. exd5 Nf6 3. d4 Nxd5 4. c4 Nb6 5. Nf3 Bg4 6. Be2 Nc6 7. Be3 e6 8.
O-O Be7 9. d5 exd5 10. Bxb6 cxb6 11. cxd5 Bxf3 12. Bxf3 Ne5 13. Qa4+ Qd7 14.
Qxd7+ Kxd7 15. Be4 Bf6 16. Nc3 Nc4 17. Bd3 Nxb2 18. Bb5+ Kc7 19. d6+ Kc8 20.
Nd5 Be5 21. Rab1 Rd8 22. Rfc1+ Kb8 23. d7 a6 24. Nxb6 axb5 25. Rc8+ Ka7 26.
Rxa8+ Rxa8 27. Nxa8 Bf6 28. Rxb2 Kxa8 29. Rxb5 Kb8 30. Rc5 1-0

[Event "DVM U12 2010"]
[Site "Templin OT Groß Dölln GER"]
[Date "2010.12.28"]
[Round "4"]
[White "Böhning, Kilian"]
[Black "Poghosyan, Tigran"]
[Result "1/2-1/2"]
[Termination "normal"]
[Board "4.1"]
[WhiteElo "1688"]
[BlackElo "1542"]
[WhiteTeam "Hagener SV"]
[BlackTeam "Lübecker SV"]
[WhiteFideId "1270499"]
[BlackFideId "12909319"]
[EventCountry "GER"]
[EventRounds "7"]
[EventType "team-swiss"]
[EventDate "2010.12.26"]

1. d4 Nf6 2. e3 g6 3. Bd3 Bg7 4. Nd2 d5 5. f4 O-O 6. Ngf3 b6 7. O-O Bb7 8. c3
Nbd7 9. Ne5 c5 10. Ndf3 Qc7 11. Nxd7 Nxd7 12. h3 Nf6 13. Bd2 Rac8 14. Qe2 Rfd8
15. Rae1 Ne4 16. Kh2 f6 17. g3 f5 18. Qg2 Qd7 19. Re2 Nxd2 20. Nxd2 e5 21. Bb1
Ba6 22. a3 Bxe2 23. Qxe2 c4 24. Bc2 Re8 25. Rc1 h6 26. Kg2 Kh7 27. Rf1 b5 28.
g4 a5 29. Rc1 Rb8 30. b4 axb4 31. cxb4 Ra8 32. Nb1 Ra7 33. Bd1 Rea8 34. Rc3 Qe6
35. Qf2 Qd6 36. h4 Rxa3 37. Rxa3 Rxa3 38. Nxa3 Qxb4 39. Nc2 Qb1 40. Qd2 c3 41.
Qe2 b4 42. Ne1 b3 43. Kf2 b2 44. Bc2 Qc1 45. Kf1 b1=Q 46. Bxb1 Qxb1 47. Qc2
Qb5+ 48. Qe2 Qb2 49. Qc2 Qb5+ 50. Kf2 Qb2 51. Ke2 Bf8 52. Kd1 Qa1+ 53. Ke2 Qb2
54. Kd1 Qa1+ 55. Qc1 Qa4+ 56. Qc2 Qa1+ 1/2-1/2

[Event "DVM U12 2010"]
[Site "Templin OT Groß Dölln GER"]
[Date "2010.12.28"]
[Round "4"]
[White "Kololli, Kevin"]
[Black "Laubrock, Paul"]
[Result "1-0"]
[Termination "normal"]
[Board "4.2"]
[WhiteElo "1324"]
[BlackElo "1377"]
[WhiteTeam "Lübecker SV"]
[BlackTeam "Hagener SV"]
[WhiteFideId "12936863"]
[BlackFideId "1270509"]
[EventCountry "GER"]
[EventRounds "7"]
[EventType "team-swiss"]
[EventDate "2010.12.26"]

1. e4 e6 2. d4 d5 3. e5 c5 4. c3 Nc6 5. Nf3 Qb6 6. Be2 Bd7 7. O-O Rc8 8. Re1
cxd4 9. cxd4 Bb4 10. Nc3 Qd8 11. a3 Ba5 12. Bd2 Nge7 13. Bd3 a6 14. Rc1 Bb6 15.
Be3 h6 16. Qd2 Ng6 17. Bxg6 fxg6 18. Qd3 Kf7 19. Ne2 Ne7 20. Ng3 Nf5 21. Bf4
Bb5 22. Qd2 g5 23. Nxf5 exf5 24. e6+ Kg6 25. Rxc8 Qxc8 26. Bd6 Rd8 27. Bb4 Bc7
28. b3 Re8 29. a4 Bf4 30. Qd1 Bc6 31. e7 Bd7 32. Ne5+ Kf6 33. Qh5 Bxe5 34.
dxe5+ 1-0

[Event "DVM U12 2010"]
[Site "Templin OT Groß Dölln GER"]
[Date "2010.12.28"]
[Round "4"]
[White "Balazs, Balint"]
[Black "Kololli, Martin"]
[Result "1-0"]
[Termination "normal"]
[Board "4.3"]
[WhiteElo "1300"]
[BlackElo "1431"]
[WhiteTeam "Hagener SV"]
[BlackTeam "Lübecker SV"]
[WhiteFideId "12922757"]
[BlackFideId "12936910"]
[EventCountry "GER"]
[EventRounds "7"]
[EventType "team-swiss"]
[EventDate "2010.12.26"]

1. d4 d5 2. Bf4 Bf5 3. Nc3 Nf6 4. f3 e6 5. e3 Nc6 6. Bd3 Bxd3 7. Qxd3 Bd6 8.
Bxd6 Qxd6 9. Nge2 O-O 10. g4 e5 11. O-O-O Qb4 12. h4 Na5 13. a3 Qb6 14. h5 e4
15. fxe4 dxe4 16. Nxe4 Nxe4 17. Qxe4 Nc4 18. b3 Nxa3 19. g5 Rfe8 20. Qf3 Re6
21. g6 fxg6 22. Rdf1 Rf6 23. Qd5+ Kh8 24. hxg6 Rxg6 25. Qf5 Rg8 26. Rxh7+ 1-0

[Event "DVM U12 2010"]
[Site "Templin OT Groß Dölln GER"]
[Date "2010.12.28"]
[Round "4"]
[White "Tiedemann, Fin Niklas"]
[Black "Hoppe, Andreas"]
[Result "1-0"]
[Termination "normal"]
[Board "4.4"]
[WhiteElo "1234"]
[BlackElo "1193"]
[WhiteTeam "Lübecker SV"]
[BlackTeam "Hagener SV"]
[WhiteFideId "12936936"]
[BlackFideId "12922811"]
[EventCountry "GER"]
[EventRounds "7"]
[EventType "team-swiss"]
[EventDate "2010.12.26"]

1. e4 d5 2. exd5 Qxd5 3. Nc3 Qa5 4. d4 Nf6 5. Nf3 Bg4 6. Bd2 c6 7. Bc4 e6 8. h3
Bh5 9. O-O Qd8 10. Bg5 Bxf3 11. gxf3 Be7 12. Qd2 O-O 13. Kh1 Nbd7 14. Rg1 Kh8
15. Rg2 Nd5 16. Bxe7 Nxe7 17. Rag1 Ng6 18. Bd3 Nb6 19. Qe3 Qf6 20. Bxg6 fxg6
21. Rg3 Nd5 22. Nxd5 exd5 23. Re1 Qf4 24. c3 Qxe3 25. fxe3 Rad8 26. Kg2 Rf7 27.
e4 Re7 28. e5 c5 29. f4 cxd4 30. cxd4 Rc8 31. Rc3 Rxc3 32. bxc3 Rc7 33. e6 Re7
34. Kg3 h5 35. Kh4 Kg8 36. Kg5 Kf8 37. Kxg6 h4 38. f5 Ke8 39. f6 gxf6 40. Kxf6
Rc7 41. Rg1 Kf8 42. e7+ Rxe7 43. Rg8+ Kxg8 44. Kxe7 Kg7 45. Ke6 Kg6 46. Kxd5
Kf5 47. Kc5 Kf4 48. d5 Kg3 49. d6 Kxh3 50. d7 Kg2 51. d8=Q h3 52. Qd5+ Kg1 53.
Qxb7 h2 54. Kd6 h1=Q 55. Qxh1+ Kxh1 56. c4 Kg2 57. c5 Kf2 58. c6 Ke2 59. c7 Kd2
60. c8=Q Kd3 61. Kd5 Ke3 62. Qc4 Kf3 63. Ke5 Ke3 64. Qe4+ Kd2 65. Kd4 a5 66.
Qd3+ Ke1 67. Ke3 a4 68. Qe2# 1-0

[Event "DVM U12 2010"]
[Site "Templin OT Groß Dölln GER"]
[Date "2010.12.28"]
[Round "4"]
[White "Ridder, David"]
[Black "Gungl, Theo"]
[Result "0-1"]
[Termination "normal"]
[Board "5.1"]
[WhiteElo "1476"]
[BlackElo "1735"]
[WhiteTeam "SG Turm Raesfeld/Erle"]
[BlackTeam "USV TU Dresden"]
[WhiteFideId "12964867"]
[BlackFideId "24695653"]
[EventCountry "GER"]
[EventRounds "7"]
[EventType "team-swiss"]
[EventDate "2010.12.26"]

1. e4 {[%emt 0:00:00]} c6 2. Nf3 d5 3. d3 Bg4 4. Be2 Nd7 5. Bf4 e6 6. c3 dxe4
7. dxe4 Ndf6 8. Nbd2 Bc5 9. Qb3 Qb6 10. Qxb6 Bxb6 11. Bg5 h6 12. Bh4 O-O-O 13.
O-O-O Ne7 14. Nc4 g5 15. Bg3 Nxe4 16. Nce5 Nxg3 17. hxg3 Bxf3 18. Bxf3 f5 {=}
19. Rxd8+ Rxd8 20. Rxh6 Bxf2 21. Rxe6 Nd5 22. Nf7 Rf8 23. Nxg5 Be3+ 24. Rxe3
Nxe3 25. b3 Rg8 26. Nh3 {=} Rxg3 27. Nf4 Nxg2 28. Bxg2 Rg4 29. Bxc6 bxc6 30.
Ne2 f4 0-1

[Event "DVM U12 2010"]
[Site "Templin OT Groß Dölln GER"]
[Date "2010.12.28"]
[Round "4"]
[White "Schamschurko, André"]
[Black "Tünte, Marcel"]
[Result "1-0"]
[Termination "normal"]
[Board "5.2"]
[WhiteElo "1738"]
[BlackElo "1300"]
[WhiteTeam "USV TU Dresden"]
[BlackTeam "SG Turm Raesfeld/Erle"]
[WhiteFideId "24695670"]
[BlackFideId "12964875"]
[EventCountry "GER"]
[EventRounds "7"]
[EventType "team-swiss"]
[EventDate "2010.12.26"]

1. e4 {[%emt 0:00:00]} e5 2. Nf3 Nc6 3. Bb5 Bc5 4. c3 d6 5. d4 exd4 6. cxd4
Bb4+ 7. Nc3 d5 8. O-O Nge7 9. Qe2 O-O 10. Bg5 h6 11. Bh4 Bg4 12. Nxd5 Nxd4 13.
Qd3 Nxb5 14. Qxb5 Bd6 15. e5 Bxf3 16. exd6 Qxd6 17. Nxe7+ Kh8 18. gxf3 g5 19.
Nf5 Qf4 20. Bg3 Qxf3 21. Nxh6 f5 22. Qd7 f4 23. Nf7+ Kg8 24. Nxg5 Qh5 25. Qd5+
Kh8 26. Bxf4 Rxf4 27. Qe5+ Kg8 28. Qxf4 Rf8 29. Qc4+ Kh8 30. Qc3+ Kg8 31. Qb3+
1-0

[Event "DVM U12 2010"]
[Site "Templin OT Groß Dölln GER"]
[Date "2010.12.28"]
[Round "4"]
[White "Tünte, Hendrik"]
[Black "Birkenheuer, Simon"]
[Result "1/2-1/2"]
[Termination "normal"]
[Board "5.3"]
[WhiteElo "1267"]
[BlackElo "1486"]
[WhiteTeam "SG Turm Raesfeld/Erle"]
[BlackTeam "USV TU Dresden"]
[WhiteFideId "12964883"]
[BlackFideId "12964786"]
[EventCountry "GER"]
[EventRounds "7"]
[EventType "team-swiss"]
[EventDate "2010.12.26"]

1. e4 e6 2. d4 d5 3. e5 c5 4. Nf3 Nc6 5. Be3 Qb6 6. b3 Nh6 7. c3 Nf5 8. Bd3
cxd4 9. cxd4 Nxe3 10. fxe3 Bd7 11. O-O Be7 12. Nbd2 O-O 13. Qc2 h6 14. a3 Rfc8
15. Qb2 a5 16. Rf2 Nd8 17. Rff1 Bb5 18. Bxb5 Qxb5 19. Rfe1 Rc6 20. Rec1 Qd3 21.
Kf2 Rac8 22. Rxc6 Rxc6 23. Rc1 Qf5 1/2-1/2

[Event "DVM U12 2010"]
[Site "Templin OT Groß Dölln GER"]
[Date "2010.12.28"]
[Round "4"]
[White "Fuchs, Sebastian"]
[Black "Hoffmann, Fabian"]
[Result "1-0"]
[Termination "normal"]
[Board "5.4"]
[WhiteElo "1363"]
[BlackElo "1262"]
[WhiteTeam "USV TU Dresden"]
[BlackTeam "SG Turm Raesfeld/Erle"]
[BlackFideId "12964891"]
[EventCountry "GER"]
[EventRounds "7"]
[EventType "team-swiss"]
[EventDate "2010.12.26"]

1. e4 e5 2. Nf3 Nc6 3. Bb5 Bc5 4. O-O d6 5. d4 exd4 6. Nxd4 Bd7 7. Nxc6 bxc6 8.
Bc4 Nf6 9. Nc3 Bg4 10. Qd3 O-O 11. Be3 Bb4 12. f3 Bh5 13. a3 Ba5 14. Rab1 Bb6
15. Bf2 Rb8 16. Kh1 Qe7 17. Bg3 Rfe8 18. Na4 Bg6 19. Nxb6 Rxb6 20. Qc3 Reb8 21.
Bf2 R6b7 22. Ba6 Rb5 23. Bxb5 cxb5 24. Bxa7 Rb7 25. Bf2 Nd7 26. Qc6 Nc5 27.
Bxc5 Rb8 28. Ba7 Rd8 29. Rbd1 f6 30. Qxb5 Bf7 31. Bf2 Qf8 32. Qc6 Qe7 33. Bg3
Rb8 34. b3 Rb6 35. Qa8+ 1-0

[Event "DVM U12 2010"]
[Site "Templin OT Groß Dölln GER"]
[Date "2010.12.28"]
[Round "4"]
[White "Gast, Benedikt"]
[Black "Wendland, Tobias"]
[Result "1-0"]
[Termination "normal"]
[Board "6.1"]
[WhiteElo "1434"]
[BlackElo "1621"]
[WhiteTeam "SV Breitenworbis"]
[BlackTeam "SV Backnang"]
[WhiteFideId "12937967"]
[BlackFideId "24662267"]
[EventCountry "GER"]
[EventRounds "7"]
[EventType "team-swiss"]
[EventDate "2010.12.26"]

1. d4 d5 2. Nf3 Nf6 3. e3 Bg4 4. Bd3 e6 5. Nbd2 c5 6. c3 Nc6 7. O-O c4 8. Bc2
Bd6 9. e4 Nd7 10. h3 Bh5 11. Re1 O-O 12. Qe2 Bg6 13. Nf1 Qe7 14. Bg5 f6 15. Bh4
b5 16. e5 Bc7 17. Bxg6 hxg6 18. exf6 Nxf6 19. Qxe6+ Qxe6 20. Rxe6 Na5 21. Rae1
Rf7 22. Bxf6 gxf6 23. Nh4 g5 24. Nf5 Kh7 25. Re7 Kg6 26. Rxf7 Kxf7 27. Re7+ Kg6
28. N1e3 Bf4 29. Rg7+ Kh5 30. g4# 1-0